Gramática de la lengua castellana / (Record no. 108722)

MARC details
000 -LEADER
campo de control de longitud fija 00611nam a2200193 4500
001 - NÚMERO DE CONTROL
campo de control 108722
003 - IDENTIFICADOR DE NÚMERO DE CONTROL
campo de control ES-MaACL
005 - FECHA Y HORA DE LA ÚLTIMA TRANSACCIÓN
campo de control 20250702063054.0
007 - CAMPO FIJO DE DESCRIPCIÓN FÍSICA--INFORMACIÓN GENERAL
campo de control de longitud fija t|
008 - DATOS DE LONGITUD FIJA--INFORMACIÓN GENERAL
campo de control de longitud fija 061121s1915 sp r ||||1| spa d
100 0# - ENTRADA PRINCIPAL--NOMBRE DE PERSONA
Nombre de persona Montoliu, Manuel de,
Fechas asociadas al nombre 1877-1961
9 (RLIN) 82679
245 10 - MENCIÓN DEL TÍTULO
Título Gramática de la lengua castellana /
Mención de responsabilidad, etc. Manuel Montoliu.
250 ## - MENCION DE EDICION
Mención de edición 2.ª ed.
260 ## - PUBLICACIÓN, DISTRIBUCIÓN, ETC.
Lugar de publicación, distribución, etc. Barcelona :
Nombre del editor, distribuidor, etc. Felix & Barral Hermanos,
Fecha de publicación, distribución, etc. 1915-1916.
300 ## - DESCRIPCIÓN FÍSICA
Extensión 2 vols. ;
Dimensiones 19 cm.
505 8# - NOTA DE CONTENIDO CON FORMATO
Nota de contenido con formato Contiene: Vol. I. Primer grado. Vol. II. Segundo grado
852 ## - LOCALIZACIÓN
Ubicación ES-MaACL
Número de control de estantería B-4163-4164
Sublocalización o colección R.135-C-14
Holdings
Estatus retirado Estado de pérdida Estado de daño No para préstamo Biblioteca de origen Biblioteca actual Ubicación en estantería Fecha de adquisición Fuente de adquisición Total de préstamos Signatura topográfica completa Código de barras Visto por última vez Precio de reemplazo Tipo de ítem Koha
        Biblioteca del Ateneo de Madrid Biblioteca del Ateneo de Madrid Sala Pardo Bazán 17/01/2008     B-4163-4164 1113447 23/02/2023 23/02/2023 Libro impreso